[Event "Warren Decemb op"]
[Site "Warren"]
[Date "2003.12.13"]
[Round "2"]
[White "Wysocki, Marc"]
[Black "West, Tony D"]
[Result "0-1"]
[WhiteElo "1635"]
[BlackElo "1842"]
[PlyCount "67"]
[EventDate "2003.12.13"]
[EventType "swiss (rapid)"]
[EventRounds "6"]
[EventCountry "USA"]
[SourceTitle "EXT 2008"]
[Source "ChessBase"]
[SourceDate "2007.11.25"]
[SourceVersion "1"]
[SourceVersionDate "2007.11.25"]
[SourceQuality "1"]

1. e4 c5 2. f4 d5 3. e5 e6 4. Nf3 Ne7 5. d3 Nbc6 6. c3 Ng6 7. g3 a6 8. Bg2 b5 9. Be3 Bb7 10. d4 c4 11. Nbd2 b4 12. 0-0 a5 13. Qc2 Nge7 14. g4 a4 15. a3 b3 16. Qd1 h5 17. gxh5 Nf5 18. Bf2 Rxh5 19. Ng5 Rh8 20. Ndf3 Qd7 21. Re1 Kd8 22. Rc1 Kc7 23. Nd2 Re8 24. Bh3 Nce7 25. Qf3 Nh6 26. Bg2 Nef5 27. Nxc4 dxc4 28. Qxb7+ Kd8 29. Qb6+ Qc7 30. Qa6 Ng4 31. h3 Nxf2 32. Kxf2 Rh4 33. Qa8+ Ke7 34. Qe4 0-1